000 00711cab a2200229 4500
001 ABS39066
008 090401t1988 xxu||||| |||| 00| 0 eng d
035 _a(Sirsi) u14183
041 _aeng
100 _aHollywood, P.
245 _aStructured digital data at OS
260 _c1988
350 _a0
490 _aLand & Minerals Surveying
_v6(3) March 1988, 151-156(5)
520 _aExamines Ordnance Survey `s Topographic Information System (TIS) which is proceeding as a pilot scheme, describing its use of structured data and a Database Management System.
650 _aCOMPUTERS
650 _aDIGITAL DATA
650 _aMAPPING
690 _aLAND SURVEYING
942 _n0
948 _c04/03/1997
999 _c9211
_d9211